Избранные произведения: В 2 т.; Т. 2; Тиран на свободе. Рассказы

Dettagli Bibliografici
Autore principale: Булычев К. Кир
Lingua:russo
Pubblicazione: Москва, Хронос, 1992
Soggetti:
Natura: Libro
KOHA link:https://koha.lib.tpu.ru/cgi-bin/koha/opac-detail.pl?biblionumber=133956

MARC

LEADER 00000nam0a2200000 4500
001 133956
005 20231101220448.0
010 |a 5854820021 
020 |a RU  |b 93-2257 
035 |a (RuTPU)RU\TPU\book\145199 
090 |a 133956 
100 |a 20080324g1992 m y0rusy5003 ca 
101 0 |a rus 
102 |a RU 
105 |a y z 000ay 
200 1 |a Избранные произведения  |e В 2 т.  |h Т. 2  |i Тиран на свободе. Рассказы  |f К. Булычев 
210 |a Москва  |c Хронос  |d 1992 
215 |d 20 см  |a 320 с. 
610 1 |a Научно-фантастические романы 
610 1 |a советская литература 
610 1 |a рассказы 
675 |a Р2  |z rus 
700 1 |a Булычев  |b К.  |c писатель-фантаст, драматург, сценарист и литературовед, историк, востоковед, фалерист  |c доктор исторических наук  |c настоящее имя Можейко Игорь Всеволодович)  |f 1934-2003  |g Кир  |2 stltpush  |3 (RuTPU)RU\TPU\pers\43878  |9 21735 
801 0 |a RU  |b RuMRKP  |c 19950413  |g psbo 
801 1 |a RU  |b 63413507  |c 20080324  |g PSBO 
801 2 |a RU  |b 63413507  |c 20190627  |g PSBO 
942 |c BK